000 nam a22 a 4500
999 _c1254
_d1254
003 AKMAL
005 20170509083704.0
008 170509s1995 my 00 may d
020 _a9676900885 (kkt.):
_cRM 8.90
040 _aAKMAL
082 0 4 _a297.52 SHI
090 _a297.52
_bSHI
100 1 _aAsh-Shiddieqy, T. M. Hasbi,
_d1906-
_92240
245 1 0 _aTuntutan solat jamaah /
_coleh T.M. Hasbi Ash Shiddieqy
260 _aBatu Caves :
_bThinker's Library ,
_c1995
300 _aiv, 216ms. ;
_c22cm
500 _aMengandungi ayat-ayat dari Quran
650 _aPrayer
_xIslam
_91518
942 _2ddc
_cBOOK